000
00248nam a22001097a 4500
100
_a
Peala,Norman.Vincen
245
_a
The Power of positive thinking
250
_a
2015
260
_b
Amar chitre kaths pvt. Ltd.
300
_a
218
942
_2
ddc
_c
BK
999
_c
12836
_d
12836